00369nam a2200097Ia 4500008004100000100002700041245009400068260003900162650000900201856006100210160909s9999 xx 000 0 und d aGrogan, Danielle Sarah aGlobal and regional assessments of unsustainable groundwater use in irrigated agriculture bUniversity of New Hampshire.c2016 aFOOD uhttp://pqdtopen.proquest.com/doc/1802824016.html?FMT=ABS